| 000 | 00914nam a22002297a 4500 | ||
|---|---|---|---|
| 999 |
_c21252 _d21252 |
||
| 003 | AR-CdUCM | ||
| 008 | 190321b ||||| |||| 00| 0 spa d | ||
| 020 | _a9786120034736 | ||
| 040 |
_aMUNICIPALIDAD PROVINCIAL DEL CUSCO _cBIBLIOTECA MUNICIPAL DEL CUSCO |
||
| 082 |
_a636.9 / M97I _bM97I |
||
| 100 |
_aMurga Torres, Telmo Raul _944340 |
||
| 245 | _aInterpretación y comentarios al reglamento de inocuidad agroalimentaria / | ||
| 260 |
_aCusco : _bJADE, _c2018. |
||
| 300 |
_a135 Páginas. : _bilustraciones en color ; _c30 cm. |
||
| 505 | _aContenido: Reglamento de inocuidad agroalimentaria -- Disposiciones generales -- Alimentos agropecuarios -- Vigilancia sanitaria -- Servicio de laboratorio ... | ||
| 650 |
_aSeguridad alimentaria _93933 |
||
| 650 |
_aComunidades campesinas _92214 |
||
| 650 |
_aDesarrollo rural _94384 |
||
| 650 |
_aComercialización _910604 |
||
| 942 |
_2ddc _cLIBROS |
||
| 945 | _aRoel | ||